Question Bank And CBSE Sample Paper With Model Test Paper In Science,Class -10 (Record no. 11891)

MARC details
000 -LEADER
fixed length control field 00306nam a22001097a 4500
008 - FIXED-LENGTH DATA ELEMENTS--GENERAL INFORMATION
fixed length control field 211109b ||||| |||| 00| 0 eng d
050 ## - LIBRARY OF CONGRESS CALL NUMBER
Classification number 500
Item number 1
245 ## - TITLE STATEMENT
Title Question Bank And CBSE Sample Paper With Model Test Paper In Science,Class -10
260 ## - PUBLICATION, DISTRIBUTION, ETC. (IMPRINT)
Place of publication, distribution, etc. Noida
Name of publisher, distributor, etc. Goyal Brothers
300 ## - PHYSICAL DESCRIPTION
Extent 1
942 ## - ADDED ENTRY ELEMENTS (KOHA)
Source of classification or shelving scheme Dewey Decimal Classification
Koha item type BOOK
Holdings
Withdrawn status Lost status Source of classification or shelving scheme Damaged status Not for loan Home library Current library Shelving location Date acquired Total Checkouts Full call number Barcode Date last seen Date last checked out Price effective from Koha item type
    Dewey Decimal Classification     Good Samaritan School Library Good Samaritan School Library Science 11/09/2021 2 500 GOY17096 04/08/2022 04/07/2022 11/09/2021 BOOK

Powered by Koha